• AIU
  • Tony Wilmot Memorial Library

PC hardware FAT FAQs : (Record no. 58821)

MARC details
000 -LEADER
fixed length control field 01396cam a2200349 a 4500
001 - CONTROL NUMBER
control field 2146695
003 - CONTROL NUMBER IDENTIFIER
control field OSt
005 - DATE AND TIME OF LATEST TRANSACTION
control field 20140314162624.0
008 - FIXED-LENGTH DATA ELEMENTS--GENERAL INFORMATION
fixed length control field 971215s1997 nyua 001 0 eng d
010 ## - LIBRARY OF CONGRESS CONTROL NUMBER
LC control number 98108279
020 ## - INTERNATIONAL STANDARD BOOK NUMBER
International Standard Book Number 0070369399
035 ## - SYSTEM CONTROL NUMBER
System control number (OCoLC)38090213
040 ## - CATALOGING SOURCE
Original cataloging agency WNrWI
Transcribing agency WNrWI
Modifying agency LEO
-- DLC
042 ## - AUTHENTICATION CODE
Authentication code lccopycat
050 04 - LIBRARY OF CONGRESS CALL NUMBER
Classification number TK7887
Item number .B543 1997
082 00 - DEWEY DECIMAL CLASSIFICATION NUMBER
Classification number 621.39/16
Edition number 21
100 1# - MAIN ENTRY--PERSONAL NAME
Personal name Bigelow, Stephen J.
9 (RLIN) 25995
245 10 - TITLE STATEMENT
Title PC hardware FAT FAQs :
Remainder of title troubleshooting, upgrading, maintaining, and repairing /
Statement of responsibility, etc Stephen J. Bigelow.
260 ## - PUBLICATION, DISTRIBUTION, ETC. (IMPRINT)
Place of publication, distribution, etc New York :
Name of publisher, distributor, etc McGraw-Hill,
Date of publication, distribution, etc c1997.
300 ## - PHYSICAL DESCRIPTION
Extent xvii, 685 p. :
Other physical details ill. ;
Dimensions 23 cm.
500 ## - GENERAL NOTE
General note Includes index.
500 ## - GENERAL NOTE
General note "Web enhanced"
650 #0 - SUBJECT ADDED ENTRY--TOPICAL TERM
Topical term or geographic name as entry element Microcomputers
General subdivision Maintenance and repair.
9 (RLIN) 25996
650 #0 - SUBJECT ADDED ENTRY--TOPICAL TERM
Topical term or geographic name as entry element Microcomputers
General subdivision Equipment and supplies
-- Maintenance and repair.
9 (RLIN) 25997
650 #0 - SUBJECT ADDED ENTRY--TOPICAL TERM
Topical term or geographic name as entry element Microcomputers
General subdivision Upgrading.
9 (RLIN) 25998
856 42 - ELECTRONIC LOCATION AND ACCESS
Materials specified Publisher description
Uniform Resource Identifier <a href="http://www.loc.gov/catdir/description/mh023/98108279.html">http://www.loc.gov/catdir/description/mh023/98108279.html</a>
856 41 - ELECTRONIC LOCATION AND ACCESS
Materials specified Table of contents
Uniform Resource Identifier <a href="http://www.loc.gov/catdir/toc/mh022/98108279.html">http://www.loc.gov/catdir/toc/mh022/98108279.html</a>
856 42 - ELECTRONIC LOCATION AND ACCESS
Materials specified Contributor biographical information
Uniform Resource Identifier <a href="http://www.loc.gov/catdir/enhancements/fy0707/98108279-b.html">http://www.loc.gov/catdir/enhancements/fy0707/98108279-b.html</a>
906 ## - LOCAL DATA ELEMENT F, LDF (RLIN)
a 7
b cbc
c copycat
d 2
e ncip
f 19
g y-gencatlg
942 ## - ADDED ENTRY ELEMENTS (KOHA)
Source of classification or shelving scheme Library of Congress Classification
Koha item type Books
Holdings
Withdrawn status Lost status Source of classification or shelving scheme Damaged status Not for loan Collection code Home library Current library Shelving location Date acquired Source of acquisition Cost, normal purchase price Total Checkouts Full call number Barcode Date last seen Date checked out Price effective from Koha item type
    Library of Congress Classification     General Circulation AIU/NEGST - Tony Wilmot Memorial Library AIU/NEGST - Tony Wilmot Memorial Library General Stacks 03/14/2014 Donation 48.00 1 TK 7887 .B543 1997 R28101K3232 09/26/2019 06/26/2018 03/14/2014 Books